Statistics for AJR - Bummerland Lyrics

Click here to take the quiz!

General Stats

  • This quiz has been taken 13 times
  • The average score is 194 of 244

Answer Stats

Answer% Correct
I
100%
a
90%
am
90%
and
90%
be
90%
Bummerland
90%
got
90%
here
90%
It's
90%
it's
90%
my
90%
My
90%
no
90%
too
90%
up
90%
ain't
80%
all
80%
but
80%
can't
80%
'cause
80%
for
80%
from
80%
getting
80%
going
80%
gone
80%
hair
80%
haircuts
80%
I'm
80%
is
80%
just
80%
keep
80%
long
80%
low
80%
now
80%
only
80%
quicker
80%
seven
80%
so
80%
the
80%
there
80%
time
80%
account
70%
alone
70%
bank
70%
been
70%
beer
70%
better
70%
buy
70%
cheer
70%
first
70%
give
70%
goddamn
70%
hero
70%
I'll
70%
I've
70%
month
70%
nix
70%
plans
70%
sad
70%
say
70%
summer
70%
that
70%
This
70%
wait
70%
when
70%
you're
70%
afford
60%
always
60%
dear
60%
drinks
60%
even
60%
friends
60%
next
60%
nice
60%
pay
60%
sorry
60%
things
60%
year
60%
zero
60%
gets
50%
hope
50%
kinda
50%
weird
50%
funner
30%
land
20%

Score Distribution

Percentile by Number Answered

Percent of People with Each Score

Your Score History

You have not taken this quiz